HDTV : High-definition television
Gardado en:
| Autor Principal: | |
|---|---|
| Formato: | Libro |
| Idioma: | Undetermined |
| Publicado: |
Blue Ridge Summit, PA
TAB Books
1993
|
| Những chủ đề: | |
| Các nhãn: |
Engadir etiqueta
Sen Etiquetas, Sexa o primeiro en etiquetar este rexistro!
|
| Thư viện lưu trữ: | Trung tâm Học liệu Trường Đại học Cần Thơ |
|---|
| LEADER | 00507nam a2200193Ia 4500 | ||
|---|---|---|---|
| 001 | CTU_97936 | ||
| 008 | 210402s9999 xx 000 0 und d | ||
| 082 | |a 621.388 | ||
| 082 | |b P927 | ||
| 100 | |a Prentiss, Stan | ||
| 245 | 0 | |a HDTV : | |
| 245 | 0 | |b High-definition television | |
| 245 | 0 | |c Stan Prentiss | |
| 260 | |a Blue Ridge Summit, PA | ||
| 260 | |b TAB Books | ||
| 260 | |c 1993 | ||
| 650 | |a High definition television. | ||
| 904 | |i Năm | ||
| 980 | |a Trung tâm Học liệu Trường Đại học Cần Thơ | ||